генерал-лейтенанта Архазова

RUSMARC
00005202nac2a22003733x 450
001a583c0e0-af49-4e20-a2ee-3a7816ea470e
00520240819204014.0
100##$a20240716l1880 k y0rusy50 ca
1010#$arus
102##$aRU
105##$ay z |||||
1220#$ad18801106
2001#$aгенерал-лейтенанта Архазова
$j06.11.1880
215##$a1 лист
$d32 х 22,8
251##$cДело
300##$aЗаголовок дела на папке: Телеграмма генерал-лейтенанта Архазова к М. Т. Лорис-Меликову
300##$aВ деле имеются телеграммы
300##$aРукописный и типографский текст
325##$aЗамикрофильмировано
330##$aВходит в раздел описи: Письма разных лиц к Лорис-Меликову
461#0$1001cda3d175-ae4a-411a-8dea-9cc20fb178f6
$12001
$aЛорис-Меликов Михаил Тариелович, граф, министр внутренних дел, главный начальник "верховной распорядительной комиссии по охранению государственного порядка и общественного спокойствия", генерал от кавалерии
$1251
$cФонд
$1852
$j569
462#0$1001163e060a-d7cc-404d-90ee-e28c9801971b
$12001
$aОпись дел фонда М. Т. Лорис-Меликова за 1858-1915 гг.
$vД. 148
$1251
$cОпись
$1852
$j1
5171#$aТелеграмма генерал-лейтенанта Архазова к М. Т. Лорис-Меликову
600#1$aАрхазов
600#1$aЛорис-Меликов
$bМ. Т.
$gМихаил Тариелович
605##$3DITM\AF\0000002775
$aВласть
$lколлекция
$2acquisition_prlib
6101#$aТелеграммы
686##$a63.3(2)535-332ю1
$cИстория
$2rubbk
686##$a67.400.6ю1
$cПраво
$2rubbk
700#1$aАрхазов
702#1$aЛорис-Меликов
$bМ. Т.
$gМихаил Тариелович
$4660
801#0$aRU
$bGA_RF
801#1$aRU
$bГлавНИВЦ
$c20240716
$2rusmarc
801#2$aRU
$bПБ им. Б.Н. Ельцина
$c20240819
$gRCR
$2rusmarc
852##$aГА РФ
$j148
937##$d193625100
$hГАРФ
035##$aRuPRLIB51076506
856##$uhttp://readingroom.main.prlib.ru/item.aspx?id_node=n193625100&mode=full
Формат отображения